000 00539 a2200193 4500
005 20260408164519.0
008 260408b |||||||| |||| 00| 0 eng d
020 _a9780415092166
_c£ 38.99
040 _aMAIN
082 _a070.449792
_bB469T
100 _aBharucha, Rustom
245 _aTheatre and the world: Performance and the politics of culture
260 _bRoutledge
_aOxon
_c2005
300 _axii, 253
650 _aTheater- India
650 _aIntercultural Communication
650 _aStage Presentations
942 _cBK
999 _c396467
_d396467